Datum a čas kvízu
36
Celkem bodů
Celkový počet nahraných bodů na tomto kvízu bez doplňovacích otázek.
1.
Pořadí na kvízu
Konečné umístění týmu na tomto kvízu.
Zaznamenané odpovědi
| # | Otázka | Odpověď | Body | Výsledky |
|---|---|---|---|---|
| 1. | Brífink hnutí ANO v poslanecké... | 1 | ||
| 2. | Jak se jmenuje země, která v p... | 0 | ||
| 3. | Slavný renesanční malíř zachyt... | 1 | ||
| 4. | Mladoboleslavská společnost Šk... | 1 | ||
| 5. | Hokejový reprezentační útočník... | 0 | ||
| 6. | Ve kterém severoevropském přís... | 0 | ||
| 7. | Jaltská konference byla jedním... | 1 | ||
| 8. | Casablanca je největším městem... | 1 | ||
| 9. | Jak se jmenuje černohorské pří... | 0 | ||
| 10. | V přístavním italském městě Sa... | 0 |